00679nam a2200217 a 4500001001300000003000900013005001700022008004100039020001000080082001500090245001500105260006200120500003500182505002800217650002300245710004300268902000800311942000700319952011800326999001700444nice12345678IN_TiNIC20260116015231.0050524s0000 tira grp 000 0 eng  ac10000a005.8bNIR aUser Guide aTiruchirapallibNirmal Instt. of Computer Expertisec0000 aincludes index and biblioraphy2 aForeign Parts 1701-1950 aComputer Programme2 aNirmal Institute of Computer Expertise bSRS cBK 001040708StackRoom-aHMIbHMId2007-03-15g100.00l0o005.8 NIRp11001408r2007-03-15v100.00w2005-05-24yBK c18850d18850